Представление документа в формате RUSMARC

ПолеНазваниеЗначение
  Тип записи a
  Библиографический уровень m
001 Контрольный номер Book/623
005 Дата корректировки 20260424103826.7
010 Индекс ISBN __
a ISBN 978-5-353-03850-4
d Цена 44 р. 80 к.
9 Тираж 5 000 экз.
090 Данные записи __
a Состояние записи 20.3
b Тип записи Книги
c Язык записи Русский
d Отрасль знаний (КСУ) Другая
e Секретность Несекретно
g Вид записи Монография (однотомник)
x Дата передачи записи для обработки Л27
100 Данные общей обработки __
a Данные общей обработки 20090623d2013 u u 1rusy ||||ca
101 Язык документа 0_
a Язык текста rus
105 Кодированные данные (монография) __
a Кодированные данные (монография) a z 000yy
200 Заглавие и сведения об ответственности 1_
a Заглавие Пришельцы: кто они?
f Первые сведения об ответственности Р. Латальята
g Последующие сведения об ответственности пер. с итал. А. Васильевой
210 Выходные данные 1_
a Место издания Москва
c Издательство РОСМЭН
d Дата издания 2009
215 Физическое описание __
a Объем 117, [2 ] с.
c Иллюстрации/тип воспроизводства ил.
d Формат 22 см.
225 Серия 1_
a Серия Таинственный мир
300 Общие примечания __
a Общие примечания На обл. авт. не указан
300 Общие примечания __
a Общие примечания 12+
606 Тематические рубрики 0_
a Основная рубрика Аномальные явления в окружающей среде - Внеземные цивилизации
610 Ключевые слова 0_
a Ключевые слова нло
a Ключевые слова инопланетяне
a Ключевые слова летающие тарелки
a Ключевые слова пришельцы
a Ключевые слова история уфологии
686 Индексы других классификаций __
a Классификационный индекс 20.3
2 Код системы rubbk
700 Автор _1
a Фамилия Латальята
b Имя (инициалы) Р.
g Полное личное имя Розамария
801 Источник записи _0
a Страна RU
b Организация МБУК ЦБС г. Ульяновска
c Дата составления 20090623
801 Источник записи _1
a Страна RU
b Организация МБУК ЦБС г. Ульяновска
c Дата составления 20090623
899 Данные о местонахождении __
3 Книга № 1361
a Местонахождение 8 ф
i Авторский знак Л 27
j Расстановочный фильтр 20.3
d Название фонда Инв.книга №1
q Состояние Свободно
x Инвентарный номер 130296
900 Электронные ресурсы __
a Имя электронного ресурса р. латальята пришельцы
901 Тип документа __
t Тип документа m
910 Корректоры записи __
a Корректор записи Скрипина